| 000 | 00410nam a22001577a 4500 | ||
|---|---|---|---|
| 020 | _a9780470170533 | ||
| 082 | _a515.076 HUG | ||
| 100 | _a Hughes-Hallett, Deborah | ||
| 245 | _aStudent solutions manual : to accompany Applied calculus | ||
| 250 | _a4th ed. | ||
| 260 |
_aNew York _bJohn Wiley _c2010 |
||
| 300 |
_a151p. : _e30 cm |
||
| 650 | _aCalculus | ||
| 700 | _aDeborah Hughes-Hallett | ||
| 942 | _cBK | ||
| 999 |
_c11671 _d11671 |
||